Entry Konu Terimi
001 - KONTROL NUMARASI
- Kontrol alanı: 20039
003 - KONTROL NUMARASI KİMLİĞİ
- Kontrol alanı: TR-BiSEU
005 - SON İŞLEM TARİHİ VE ZAMANI
- Kontrol alanı: 20260207001621.0
008 - SABİT UZUNLUKTAKİ VERİ ÖGELERİ - GENEL BİLGİ
- Sabit uzunlukta kontrol alanı: 260207|| aca||aabn | a|a d
040 ## - KATALOGLAMA KAYNAĞI
- Özgün kataloglama kurumu: TR-BiSEU
- Çeviri kurumu: TR-BiSEU
150 ## - KONU BAŞLIKLARI - KONU TERİMİ
- Konu terimi: Küçük işletmeler--Avrupa Birliği ülkeleri
670 ## - BİLGİNİN KAYNAĞI
- Bilginin alındığı kaynak: KOHA: (TR-BiSEU)8074: Tanrısever, Nazlı Hezar. 20037, Avrupa Birliğinde girişimciliğin teşvik edilmesi için izlenen politikalar ve Türkiye'deki politikaların Avrupa Birliği uygulamalarına uyumu/
